| 000 | 00736nam a2200229Ia 4500 | ||
|---|---|---|---|
| 001 | 21606 | ||
| 003 | GE_BSU | ||
| 008 | 181216s||||||||xx |||||||||||||| ||und|| | ||
| 040 | _cGE_BSU | ||
| 080 | _aპერიოდიკა | ||
| 245 | _aРеферативный журнал, №9. Биология. 2017. | ||
| 245 | _bРаздел. Ботаника. Высшие растения. | ||
| 245 | _cгл.ред.РАН Р.В.Петров и др. | ||
| 260 | _aМосква | ||
| 260 | _bВинити | ||
| 260 | _c2017 | ||
| 300 | _a31стр. 30 см. | ||
| 653 | _aПериодика | ||
| 653 | _aРеферативный журнал, №9. Биология. 2017. | ||
| 653 | _aპერიოდიკა | ||
| 942 | _cCR | ||
| 999 |
_c54541 _d54541 |
||